Medzinárodný manažment a medzinárodné podnikanie (faktografické údaje a prípadové štúdie)
Guardado en:
| Autor principal: | |
|---|---|
| Autor Corporativo: | |
| Otros Autores: | , |
| Formato: | Libro |
| Lenguaje: | eslovaco |
| Publicado: |
Bratislava
Vydavateľstvo EKONÓM
2000
|
| Materias: | |
| Etiquetas: |
Sin Etiquetas, Sea el primero en etiquetar este registro!
|
MARC
| LEADER | 00000nam a2200000 4500 | ||
|---|---|---|---|
| 001 | c120662 | ||
| 005 | 20221123133139.5 | ||
| 020 | |a 80-225-1279-6 | ||
| 041 | 0 | |a slo | |
| 044 | |a SK | ||
| 245 | 1 | 0 | |a Medzinárodný manažment a medzinárodné podnikanie |b (faktografické údaje a prípadové štúdie) |c Jana Sršňová, Ľubica Füzyová, Zuzana Kršáková |
| 264 | 1 | |a Bratislava |b Vydavateľstvo EKONÓM |c 2000 | |
| 300 | |a 190 s. | ||
| 610 | 2 | 0 | |a manažment medzinárodný |
| 610 | 2 | 0 | |a podnikanie medzinárodné |
| 610 | 2 | 0 | |a štúdie prípadové |
| 610 | 2 | 0 | |a globalizácia |
| 610 | 2 | 0 | |a Európska únia |
| 610 | 2 | 0 | |a trh zahraničný |
| 610 | 2 | 0 | |a vývoz |
| 610 | 2 | 0 | |a lízing |
| 610 | 2 | 0 | |a licencie |
| 610 | 2 | 0 | |a joint ventures |
| 610 | 2 | 0 | |a ceny |
| 610 | 2 | 0 | |a rozhodovanie strategické |
| 610 | 2 | 0 | |a rokovania obchodné |
| 610 | 2 | 0 | |a modelovanie |
| 610 | 2 | 0 | |a internacionalizácia |
| 100 | 1 | |a Sršňová, Jana | |
| 700 | 1 | |a Füzyová, Ľubica | |
| 700 | 1 | |a Kršáková, Zuzana | |
| 710 | 2 | |a Ekonomická univerzita v Bratislave. Fakulta podnikového manažmentu | |